header

Cocoa (Record no. 64329)

MARC details
000 -LEADER
fixed length control field 01513nam a2200397 a 4500
082 04 - DEWEY DECIMAL CLASSIFICATION NUMBER
Classification number 633.7/4
100 1# - MAIN ENTRY--AUTHOR NAME
Personal name Wood, G. A. R.
245 10 - TITLE STATEMENT
Title Cocoa
250 ## - EDITION STATEMENT
Edition statement 4th ed., Repr. with corrections.
260 ## - PUBLICATION, DISTRIBUTION, ETC. (IMPRINT)
Place of publication London ;
-- New York :
Name of publisher Longman Scientific & Technical ;
Place of publication New York :
Name of publisher Wiley,
Year of publication 1987, c1985.
300 ## - PHYSICAL DESCRIPTION
Number of Pages xvii, 620 p. :
Other physical details ill., maps.
490 1# - SERIES STATEMENT
Series statement Tropical agriculture series
500 ## - GENERAL NOTE
General note Reprint. Originally published: London : Cadbury Schweppes, 1955.
650 #0 - SUBJECT ADDED ENTRY--TOPICAL TERM
Topical Term Cacao.
Topical Term Cocoa.
700 1# - ADDED ENTRY--PERSONAL NAME
Personal name Lass, R. A.,
856 40 - ELECTRONIC LOCATION AND ACCESS
Uniform Resource Identifier http://site.ebrary.com/lib/rucke/Doc?id=10297531

No items available.

© 2026 Rongo University
Contact us: librarian | system librarian | Rongo university